01443 2200349 4500001002100000005001500021035002000036007000300056008004100059020002200100082001200122084002100134100002900155245013100184250003100315300003700346650002000383700002500403700002900428490002600457520040200483264003800885336002100923337003000944338002300974990001600997990001601013990001601029990001601045990001601061990001601077INLIS00000000101218020221020090400 a0010-1022000036ta221020 a 0 ind  a978-979-788-601-1 a398.245 aSR 398.245 BUD k aBudi Dermawanepengarang1 aKucing & si rubah :basyiknya belajar sikap fokus dan terarah /cBudi Dermawan; editor, Aulia Rahman; ilustrator, Agus Mutaram aCetakan II, September 2021 a32 halaman :bilustrasi ;c15 cm 4aCerita binatang0 aAulia Rahmaneeditor0 aAgus Mutarameilustrator aSeri fabel inspiratif aProses pembentukan kepribadian anak dimulai sejak usia dini. Apabila orangtua dan lingkungan bisa memberi contoh serta pelajaran yang baik, niscaya baik pula perkembangan kepribadian anak kelak. Seri fabel inspiratif ini memberikan pesan-pesan tentang pengembangan moral, karakter, dan akhlak melalui kisah-kisah. Melalui kisah, hikmah dan pelajaran dapat lebih mudah disampaikan dan diserap anak. aJakarta :bPenebar swadaya,c2021 2rdacontentaTeks 2rdamediaaTanpa perantara 2rdacarrieraVolume a50191.63011 a50192.63012 a50192.63012 a50191.63011 a50191.63011 a50192.63012